| 000 | 00557nam a2200157 a 4500 | ||
|---|---|---|---|
| 001 | 000029713 | ||
| 005 | 20200930055741.0 | ||
| 008 | 110425s19uu dr c 000 0 spa d | ||
| 040 |
_aDO-SdBNP _bspa _cBNPHU |
||
| 082 |
_axxxx _bB333m |
||
| 100 | 1 |
_aBatista, Gaspar _956505 |
|
| 245 | 1 | 0 |
_aManual elemental de beisbol / _cGaspar Batista. |
| 260 |
_aSanto Domingo : _bSecretaria de Estado de Deportes, Educación Física y Recreación: _bCentro de Capacitacion en Iniciacion Tecnico-Deportiva, _c[19--?]. |
||
| 300 |
_a50 p. : _bretrs. ; _c21 cm. |
||
| 049 | _aBNPD | ||
| 999 |
_c29205 _d29205 |
||